| 000 | 00884cam a22002535a 4500 | ||
|---|---|---|---|
| 001 | 010032815 | ||
| 005 | 20180318122455.0 | ||
| 008 | 000522s1999 enka || 001 ||eng | ||
| 020 | _a0071164278 | ||
| 020 | _a9780071164276 | ||
| 040 |
_aDLC _cDLC _dUk _dEG-ScBUE _beng |
||
| 082 | 0 | 4 |
_222 _a621.395 _bKAN |
| 100 | 1 |
_aKang, Sung-Mo, _d1945- |
|
| 245 | 1 | 0 |
_aCMOS digital integrated circuits : _banalysis and design / _cSung-Mo (Steve) Kang, Yusuf Leblebici. |
| 250 | _a2nd ed., International ed. | ||
| 260 |
_aBoston : _bWCB / McGraw-Hill, _c1999. |
||
| 300 |
_axv, 658 p. : _bill. (some col.) ; _c24 cm. |
||
| 504 | _aIncludes bibliographical references and index. | ||
| 650 | 7 |
_aMetal oxide semiconductors, Complementary. _2BUEsh _99167 |
|
| 650 | 7 |
_aDigital integrated circuits. _2BUEsh _94225 |
|
| 653 |
_bGGEN _bENGGEN _cMarch2018 |
||
| 700 | 1 | _aLeblebici, Yusuf. | |
| 942 | _2ddc | ||
| 999 |
_c26331 _d26303 |
||